|
|
|
|
| LEADER |
01029nam a22002777a 4500 |
| 001 |
28931 |
| 003 |
BD-DhAAL |
| 005 |
20150304094537.0 |
| 008 |
150304s1987 ilua 00100 eng d |
| 020 |
|
|
|a 9780618901401
|
| 020 |
|
|
|a 061890140X
|
| 040 |
|
|
|a BD-DhAAL
|c BD-DhAAL
|
| 041 |
|
|
|a eng
|
| 082 |
|
|
|2 22
|a 807.12
|
| 245 |
0 |
0 |
|a McDougal, Littell literature
|
| 260 |
|
|
|a Evanston, Ill. :
|b McDougal, Littell and Company,
|c c1987.
|
| 300 |
|
|
|a various pagings :
|b ill. (some col.) ;
|c 24 cm.
|
| 490 |
|
0 |
|a Alabama course of study
|
| 541 |
|
|
|e 28931
|
| 650 |
|
0 |
|a Literature
|x Study and teaching (Secondary)
|9 8780
|
| 650 |
|
0 |
|a Literature
|x Collections.
|9 8994
|
| 650 |
|
0 |
|a Language arts (Secondary)
|9 8995
|
| 710 |
2 |
0 |
|a McDougal, Littell and Company.
|9 8996
|
| 942 |
|
|
|2 ddc
|c BK
|
| 999 |
|
|
|c 33866
|d 33866
|
| 952 |
|
|
|0 0
|1 0
|2 ddc
|4 0
|6 807_120000000000000_MCD
|7 0
|9 52861
|a BRACUL
|b BRACUL
|c GEN
|d 2015-03-04
|e BRAC Institute of Language (BIL)
|l 0
|o 807.12 MCD
|p 3010028931
|r 2015-03-04
|t 1
|w 2015-03-04
|y BK
|x Transferred from BIL to BRACUL on 06/06/22
|